[Event "SVK-chT1E 1920"]
[Site "Slovakia"]
[Date "2020.02.23"]
[Round "9.7"]
[White "Gic, Samuel"]
[Black "Trebula, Jozef"]
[Result "0-1"]
[WhiteElo "1727"]
[BlackElo "2078"]
[PlyCount "42"]
[EventDate "2019.10.12"]
[EventType "team-tourn"]
[EventRounds "11"]
[EventCountry "SVK"]
[SourceTitle "CBM 195 Extra"]
[Source "ChessBase"]
[SourceDate "2020.05.31"]
[SourceVersion "1"]
[SourceVersionDate "2020.05.31"]
[SourceQuality "1"]
[WhiteTeam "Humenne Reinter II"]
[BlackTeam "Banska Bystrica Junior"]
[WhiteTeamCountry "SVK"]
[BlackTeamCountry "SVK"]

1. e4 e6 2. d4 d5 3. Nd2 Nf6 4. e5 Nfd7 5. Bd3 c5 6. c3 Nc6 7. Ne2 Qb6 8. Nf3 cxd4 9. cxd4 f6 10. exf6 Nxf6 11. 0-0 Bd6 12. Re1 0-0 13. Bd2 e5 14. dxe5 Nxe5 15. Nxe5 Bxe5 16. Be3 Qd6 17. Rc1 Bxh2+ 18. Kf1 Ng4 19. Nd4 Nxe3+ 20. Rxe3 Bf4 21. Rf3 Bg4 0-1